|
|
|
|
| LEADER |
03402nas a2200805 i 4500 |
| 001 |
001479349 |
| 003 |
CZ BrMZK |
| 005 |
20160118093736.0 |
| 008 |
140116c20119999xr ar 0 b0cze |
| 040 |
|
|
|a BOA001
|b cze
|e rda
|
| 041 |
1 |
|
|a cze
|a eng
|h cze
|
| 043 |
|
|
|a e-xr---
|
| 045 |
|
|
|a y1y2
|
| 072 |
|
7 |
|a 551
|x Geologie. Meteorologie. Klimatologie
|2 Konspekt
|9 7
|
| 080 |
|
|
|a 551.5
|2 MRF
|
| 080 |
|
|
|a 551.58
|2 MRF
|
| 080 |
|
|
|a 556
|2 MRF
|
| 080 |
|
|
|a 502.175:502.3
|2 MRF
|
| 080 |
|
|
|a 551.579
|2 MRF
|
| 080 |
|
|
|a 001.32
|2 MRF
|
| 080 |
|
|
|a (437.3)
|2 MRF
|
| 080 |
|
|
|a (047.1)
|2 MRF
|
| 080 |
|
|
|a (0.034.44)
|2 MRF
|
| 110 |
2 |
|
|a Český hydrometeorologický ústav
|7 kn20010710186
|
| 240 |
1 |
0 |
|a Výroční zpráva (Český hydrometeorologický ústav).
|l Anglicky & Česky
|7 kon2006374626
|
| 245 |
1 |
0 |
|a Výroční zpráva ...
|b Annual report ... =
|c Český hydrometeorologický ústav
|
| 246 |
3 |
|
|a Výroční zpráva Českého hydrometeorologického ústavu ...
|
| 246 |
3 |
|
|a Annual report of the Czech Hydrometeorological Institute ...
|
| 264 |
|
1 |
|a Praha :
|b Český hydrometeorologický ústav,
|c [2011?]-
|
| 300 |
|
|
|a 1 online zdroj :
|c 12 cm
|
| 310 |
|
|
|a 1x ročně
|
| 336 |
|
|
|a text
|b txt
|2 rdacontent
|
| 337 |
|
|
|a počítač
|b c
|2 rdamedia
|
| 338 |
|
|
|a počítačový disk
|b cd
|2 rdacarrier
|
| 500 |
|
|
|a Popsáno podle: 2011; název z disku
|
| 500 |
|
|
|a Součástí názvu je označení běžného roku
|
| 538 |
|
|
|a Požadavky na systém: Adobe Acrobat Reader
|
| 541 |
|
|
|c pv-cdr-r
|
| 546 |
|
|
|a Souběžný anglický text
|
| 610 |
2 |
7 |
|a Český hydrometeorologický ústav
|7 kn20010710186
|2 czenas
|
| 648 |
|
7 |
|a 2011-2020
|7 ch460589
|2 czenas
|
| 650 |
0 |
7 |
|a meteorologie
|7 ph115269
|z Česko
|2 czenas
|
| 650 |
0 |
7 |
|a klimatologie
|7 ph114914
|z Česko
|2 czenas
|
| 650 |
0 |
7 |
|a hydrologie
|7 ph114739
|z Česko
|2 czenas
|
| 650 |
0 |
7 |
|a kvalita ovzduší
|7 ph122044
|z Česko
|2 czenas
|
| 650 |
0 |
7 |
|a hydrometeorologie
|7 ph120975
|z Česko
|2 czenas
|
| 650 |
0 |
7 |
|a výzkumné ústavy
|7 ph127482
|z Česko
|y 2011-2020
|2 czenas
|
| 650 |
0 |
9 |
|a meteorology
|z Czechia
|2 eczenas
|
| 650 |
0 |
9 |
|a climatology
|z Czechia
|2 eczenas
|
| 650 |
0 |
9 |
|a hydrology
|z Czechia
|2 eczenas
|
| 650 |
0 |
9 |
|a air quality
|z Czechia
|2 eczenas
|
| 650 |
0 |
9 |
|a hydrometeorology
|z Czechia
|2 eczenas
|
| 650 |
0 |
9 |
|a research institutes
|z Czechia
|y 2011-2020
|2 eczenas
|
| 655 |
|
7 |
|a výroční zprávy
|7 fd133860
|2 czenas
|
| 655 |
|
7 |
|a CD-ROM
|7 fd133955
|2 czenas
|
| 655 |
|
9 |
|a annual reports
|2 eczenas
|
| 655 |
|
9 |
|a CD-ROM
|2 eczenas
|
| 902 |
|
|
|a 978-80-87577-05-9
|q (2011)
|
| 902 |
|
|
|a 978-80-87577-19-6
|q (2012)
|
| 902 |
|
|
|a 978-80-87577-31-8
|q (2013)
|
| 902 |
|
|
|a 978-80-87577-48-6
|q (2014)
|
| 910 |
|
|
|a BOA001
|b CDR-1284.232
|s 2011-2014-
|
| 952 |
|
|
|a e-xr-pg
|
| 990 |
|
|
|a SE
|
| 995 |
|
|
|a 01
|
| 991 |
|
|
|b 2015
|
| 996 |
3 |
|
|b 2610520767
|c CDR-1284.232
|d 2011
|v 2011
|y 2011
|l Stud. periodik/2.patro
|r Sklad / do 1 hodiny
|n 0
|p cdr-p.v.
|w 001514459
|u 000010
|a 1
|e BOA001
|j MZK50
|s N
|
| 996 |
3 |
|
|b 2610561930
|c CDR-1284.232
|d 2012
|v 2012
|y 2012
|l Stud. periodik/2.patro
|r Sklad / do 1 hodiny
|n 0
|p cdr-p.v.
|w 001514459
|u 000020
|a 1
|e BOA001
|j MZK50
|s N
|
| 996 |
3 |
|
|b 2610594753
|c CDR-1284.232
|d 2013
|v 2013
|y 2013
|l Stud. periodik/2.patro
|r Sklad / do 1 hodiny
|n 0
|p cdr-p.v.
|w 001514459
|u 000030
|a 1
|e BOA001
|j MZK50
|s N
|
| 996 |
3 |
|
|b 2610636633
|c CDR-1284.232
|d 2014
|v 2014
|y 2014
|l Stud. periodik/2.patro
|r Sklad / do 1 hodiny
|n 0
|p cdr-p.v.
|w 001514459
|u 000040
|a 1
|e BOA001
|j MZK50
|s N
|